[Event "Tripoli Four Seasons-B"]
[Site "Tripoli"]
[Date "2020.03.13"]
[Round "5"]
[White "Zarrough, Abdulmotaleb A"]
[Black "Aldabar, Hamza Mohamed"]
[Result "1-0"]
[WhiteElo "1658"]
[BlackElo "1644"]
[PlyCount "61"]
[EventDate "2020.03.09"]
[EventType "tourn"]
[EventRounds "9"]
[EventCountry "LBY"]
[SourceTitle "CBM 195 Extra"]
[Source "ChessBase"]
[SourceDate "2020.05.31"]
[SourceVersion "1"]
[SourceVersionDate "2020.05.31"]
[SourceQuality "1"]

1. d4 d5 2. c4 Nf6 3. Nf3 c6 4. Nc3 dxc4 5. a4 Nd5 6. e3 Nxc3 7. bxc3 b5 8. Ne5 Be6 9. Qf3 Qd5 10. e4 Qd8 11. axb5 f6 12. Nxc6 Nxc6 13. bxc6 Qc8 14. d5 Bg4 15. Qg3 e5 16. h3 Bh5 17. Bxc4 Bg6 18. Bd3 Bd6 19. Ba3 Bxa3 20. Rxa3 0-0 21. 0-0 Qc7 22. Rfa1 Rfb8 23. Qe3 Rb6 24. Qc5 Be8 25. Ra6 Kf7 26. Qc4 Ke7 27. Rxb6 Qxb6 28. Ra6 Qc7 29. Qc5+ Kd8 30. d6 Qc8 31. Qa5+ 1-0

[Event "Tripoli Four Seasons-B"]
[Site "Tripoli"]
[Date "2020.03.10"]
[Round "2"]
[White "Albosaifi, Malek A"]
[Black "Aldabar, Hamza Mohamed"]
[Result "0-1"]
[WhiteElo "1717"]
[BlackElo "1644"]
[PlyCount "102"]
[EventDate "2020.03.09"]
[EventType "tourn"]
[EventRounds "9"]
[EventCountry "LBY"]
[SourceTitle "CBM 195 Extra"]
[Source "ChessBase"]
[SourceDate "2020.05.31"]
[SourceVersion "1"]
[SourceVersionDate "2020.05.31"]
[SourceQuality "1"]

1. g3 e5 2. Bg2 d5 3. d3 Nc6 4. e3 Nf6 5. Ne2 d4 6. exd4 Nxd4 7. 0-0 Bg4 8. f3 Be6 9. Nbc3 Qd7 10. a3 Bh3 11. Bg5 0-0-0 12. Ne4 Bxg2 13. Kxg2 Nd5 14. c4 Ne7 15. Nf2 f6 16. Be3 Nef5 17. Bc1 h5 18. Nxd4 exd4 19. Re1 h4 20. g4 Nd6 21. c5 Nf7 22. b4 f5 23. Qe2 fxg4 24. Nxg4 Rh5 25. Bd2 b6 26. Qe4 Kb8 27. a4 h3+ 28. Kg1 Ng5 29. Bxg5 Rxg5 30. Kf2 Qd5 31. Ne5 Qxe4 32. Rxe4 Rg2+ 33. Kf1 Kb7 34. c6+ Ka6 35. Nc4 Bxb4 36. Re2 Rg6 37. Rb1 Bd6 38. a5 b5 39. Nxd6 Rgxd6 40. Re7 Rxc6 41. Rxg7 Rf8 42. Rg3 Rh6 43. Rc1 Rf7 44. Rc5 Kxa5 45. Rd5 Ka4 46. Rxd4+ b4 47. Ke2 Ka3 48. Rg5 Re6+ 49. Kf2 Ref6 50. Rg3 b3 51. Rd5 b2 0-1